PLAIN AND REINFORCED CONCRETE CODE OF PRACTICE (Record no. 32508)

MARC details
000 -LEADER
fixed length control field 00306nam a22001217a 4500
003 - CONTROL NUMBER IDENTIFIER
control field SGT
082 ## - DEWEY DECIMAL CLASSIFICATION NUMBER
Classification number 624.183,IND
100 ## - MAIN ENTRY--PERSONAL NAME
Personal name INDIAN STANDARD
245 ## - TITLE STATEMENT
Title PLAIN AND REINFORCED CONCRETE CODE OF PRACTICE
260 ## - PUBLICATION, DISTRIBUTION, ETC. (IMPRINT)
Place of publication, distribution, etc NEW DELHI
Name of publisher, distributor, etc BUREAV OF INDIAN STANDARDS
Year of Publication 2010
300 ## - PAGE DESCRIPTION
No. of Pages 100
942 ## - ADDED ENTRY ELEMENTS (KOHA)
Source of classification or shelving scheme Dewey Decimal Classification
Koha item type Gifted Books
Holdings
Withdrawn status Lost status Source of classification or shelving scheme Damaged status Not for loan Collection code Home library Current library Shelving location Date acquired Vendor Name SGTU Full call number Accession No. (Barcode) Date last seen Bill Date Koha item type
    Dewey Decimal Classification   Not For Loan ENGINEERING SGT Engineering Library SGT Engineering Library Reference Book 26/08/2025 SPECIMEN COPY SGTU 624.183,IND FE9327 26/08/2025 26/08/2025 Gifted Books
    Dewey Decimal Classification   Not For Loan ENGINEERING SGT Engineering Library SGT Engineering Library Reference Book 26/08/2025 SPECIMEN COPY SGTU 624.183,IND FE9328 26/08/2025 26/08/2025 Gifted Books
    Dewey Decimal Classification   Not For Loan ENGINEERING SGT Engineering Library SGT Engineering Library Reference Book 26/08/2025 SPECIMEN COPY SGTU 624.183,IND FE9329 26/08/2025 26/08/2025 Gifted Books
    Dewey Decimal Classification   Not For Loan ENGINEERING SGT Engineering Library SGT Engineering Library Reference Book 26/08/2025 SPECIMEN COPY SGTU 624.183,IND FE9330 26/08/2025 26/08/2025 Gifted Books
    Dewey Decimal Classification   Not For Loan ENGINEERING SGT Engineering Library SGT Engineering Library Reference Book 26/08/2025 SPECIMEN COPY SGTU 624.183,IND FE9331 26/08/2025 26/08/2025 Gifted Books